Luyện thi năng lực Nhật ngữ N3 : Nghe hiểu
Gorde:
| Egile nagusia: | |
|---|---|
| Beste egile batzuk: | |
| Formatua: | CDa |
| Hizkuntza: | Korean |
| Argitaratua: |
Tp. Hồ Chí Minh :
Trẻ,
2018.
|
| Etiketak: |
Etiketa erantsi
Etiketarik gabe, Izan zaitez lehena erregistro honi etiketa jartzen!
|
| Thư viện lưu trữ: | Thư viện Trường Đại học Đà Lạt |
|---|
| LEADER | 00758nam a2200301 4500 | ||
|---|---|---|---|
| 001 | DLU200194503 | ||
| 005 | ##20200205 | ||
| 040 | # | # | |a DLU |b vie |
| 041 | # | # | |a kor |
| 044 | # | # | |a vn |
| 082 | # | # | |a 495.68 |b SA-H |
| 100 | # | # | |a Sasaki Hitoko. |
| 245 | # | # | |a Luyện thi năng lực Nhật ngữ N3 : |b Nghe hiểu |h [CD-ROM] / |c Sasaki Hitoko, Matsumoto Noriko. |
| 246 | # | # | |a Nihongo So-Matome N3 |
| 256 | # | # | |a 4 3/4 in. |
| 260 | # | # | |a Tp. Hồ Chí Minh : |b Trẻ, |c 2018. |
| 300 | # | # | |a 1 CD-ROM ; |c 4 3/4 in. |
| 700 | # | # | |a Matsumoto Noriko. |
| 923 | # | # | |a 07/2019 |
| 992 | # | # | |a 0 |
| 994 | # | # | |a DLU |
| 900 | # | # | |a True |
| 911 | # | # | |a Nguyễn Thanh Hương |
| 925 | # | # | |a CD |
| 926 | # | # | |a A |
| 927 | # | # | |a CD |
| 980 | # | # | |a Thư viện Trường Đại học Đà Lạt |